African Coastline Countries not bordering any Landlocked Countries - Statistics

General Stats
  • This quiz has been taken 474 times
  • The average score is 8 of 9
Answer Stats
Country % Correct
Gambia
94%
Equatorial Guinea
90%
Tunisia
90%
Egypt
89%
Morocco
89%
Sierra Leone
85%
Guinea Bissau
84%
Liberia
84%
Gabon
82%
No matching quizzes found
Score Distribution
Percent of People with Each Score
Percentile by Number Answered
Your Score History
You have not taken this quiz